[Event "Zukertort"]
[Site "Quebec CAN"]
[Date "2016.02.29"]
[Round "3"]
[White "Lapierre, Gaetan"]
[Black "Bluteau, Yvon"]
[Result "1-0"]
[WhiteElo "1939"]
[BlackElo "1982"]
[PlyCount "127"]
[EventDate "2016.02.16"]
[EventType "swiss"]
[EventRounds "5"]
[EventCountry "CAN"]

1. Nf3 c5 2. c4 g6 3. g3 Bg7 4. Bg2 Nc6 5. O-O Nf6 6. d3 O-O 7. e4 d6 8. Nc3
Bg4 9. h3 Bxf3 10. Bxf3 Nd4 11. Bg2 Qd7 12. g4 Rab8 13. f4 Ne8 14. Ne2 Nc7 15.
Rb1 e6 16. Be3 Nxe2+ 17. Qxe2 f5 18. b3 b6 19. Rbd1 e5 20. gxf5 gxf5 21. Qh5
Rbe8 22. fxe5 Rxe5 23. d4 cxd4 24. Bxd4 Ra5 25. Bxg7 Qxg7 26. Rd2 f4 27. Qg4
Rg5 28. Qe2 Qe5 29. Rf3 Rf6 30. Qd3 Rfg6 31. Qc3 Qc5+ 32. Kh1 a5 33. Rxf4 Ne6
34. Rff2 Rg3 35. Rf3 Rxf3 36. Qxf3 Qg5 37. Rf2 Rg7 38. e5 h5 39. Qa8+ Nd8 40.
Qd5+ Kh7 41. Be4+ Kh8 42. Rf8+ Rg8 43. Rxg8+ Qxg8 44. Qxd6 Nf7 45. Qf6+ Qg7 46.
Qxg7+ Kxg7 47. e6 Ng5 48. Bd5 Kf6 49. Kg2 h4 50. a3 Nxe6 51. Bxe6 Kxe6 52. Kf3
Ke5 53. Ke3 Kf5 54. b4 axb4 55. axb4 Ke5 56. b5 Ke6 57. Ke4 Kd6 58. Kd4 Kd7 59.
Kd5 Kc7 60. Ke6 Kc8 61. Kd6 Kb7 62. Kd7 Kb8 63. Kc6 Ka7 64. Kc7 1-0

[Event "Zukertort"]
[Site "Quebec CAN"]
[Date "2016.03.07"]
[Round "4"]
[White "Bluteau, Yvon"]
[Black "Boissinot, Claude"]
[Result "1/2-1/2"]
[WhiteElo "1982"]
[BlackElo "1505"]
[PlyCount "162"]
[EventDate "2016.02.16"]
[EventType "swiss"]
[EventRounds "5"]
[EventCountry "CAN"]

1. e4 d5 2. exd5 Nf6 3. d4 Bg4 4. Be2 Bxe2 5. Nxe2 Qxd5 6. O-O Nc6 7. Nbc3 Qd7
8. Be3 e6 9. a3 Bd6 10. g3 O-O-O 11. Nb5 h5 12. Nxd6+ Qxd6 13. c3 h4 14. f3
hxg3 15. Nxg3 Rh3 16. Qe1 Rdh8 17. Rf2 Nd5 18. Ne4 Qe7 19. Bg5 f6 20. Bd2 g5
21. Qe2 Nd8 22. Kh1 Nf7 23. Rg1 Nd6 24. Nc5 Nf5 25. Rgg2 Rxh2+ 26. Rxh2 Ng3+
27. Kg2 Rxh2+ 28. Kxg3 Qd6+ 29. f4 gxf4+ 30. Kf3 Rh3+ 31. Kg4 Rg3+ 32. Kh4 Ne7
33. Qxe6+ Qxe6 34. Nxe6 Nf5+ 35. Kh5 f3 36. Bf4 Ng7+ 37. Nxg7 Rxg7 38. Rxf3 Kd7
39. Rf2 b5 40. Kh6 Rg4 41. Bd2 Ke6 42. Kh5 f5 43. Re2+ Kf6 44. Rf2 Rg1 45. Kh4
Rg4+ 46. Kh3 Rg8 47. Rg2 Rf8 48. Kg3 Re8 49. Kf3 c6 50. Rh2 Rc8 51. Kf4 Ke6 52.
Rh5 Kd5 53. Rxf5+ Kc4 54. Ke3 Kb3 55. Rc5 Kxb2 56. d5 Re8+ 57. Kd3 Rd8 58. Be3
Rxd5+ 59. Rxd5 cxd5 60. Bc5 a5 61. Kd4 Kb3 62. Bd6 Kc2 63. Bc5 Kb3 64. Kd3 Kb2
65. Kd2 Kb3 66. Bd6 Kc4 67. Kc2 d4 68. cxd4 Kxd4 69. Kb3 Kd5 70. Bc7 a4+ 71.
Kb4 Kc6 72. Ba5 Kb7 73. Kxb5 Ka7 74. Kxa4 Ka6 75. Kb4 Ka7 76. Kb5 Kb7 77. a4
Ka7 78. Bd8 Kb7 79. a5 Ka7 80. a6 Ka8 81. Bb6 Kb8 1/2-1/2

[Event "Zukertort"]
[Site "Quebec CAN"]
[Date "2016.03.07"]
[Round "4"]
[White "Glode, Martin"]
[Black "Dube, Daniel"]
[Result "1-0"]
[WhiteElo "1769"]
[BlackElo "1974"]
[PlyCount "87"]
[EventDate "2016.02.16"]
[EventType "swiss"]
[EventRounds "5"]
[EventCountry "CAN"]

1. e4 g6 2. d4 Bg7 3. Nf3 d6 4. Nc3 c6 5. a4 a5 6. Be2 Na6 7. Be3 Nb4 8. O-O f5
9. e5 dxe5 10. dxe5 Qxd1 11. Bxd1 Be6 12. Re1 Nd5 13. Ng5 Nxc3 14. Nxe6 Bxe5
15. bxc3 Kf7 16. Bd4 Bxd4 17. cxd4 Nf6 18. Bf3 h6 19. g3 g5 20. c4 g4 21. Bg2
Ne8 22. Rab1 Ra7 23. Nd8+ Kf6 24. Re6+ Kg7 25. Rxe7+ Kf6 26. Nxc6 Ra6 27. Rexb7
Nd6 28. R7b6 Rxb6 29. Rxb6 Nxc4 30. Ra6 Kg7 31. Ra7+ Kf6 32. Ne5 Nxe5 33. dxe5+
Kxe5 34. Rxa5+ Kf6 35. Ra8 Rh7 36. a5 Rc7 37. Ra6+ Kg5 38. Rc6 Rd7 39. Rc1 Ra7
40. Ra1 Kf6 41. a6 Ke5 42. Bb7 Kd6 43. Rc1 h5 44. Rc8 1-0

[Event "Zukertort"]
[Site "Quebec CAN"]
[Date "2016.03.07"]
[Round "4"]
[White "Leclerc, Jean-Francois"]
[Black "Tremblay-Alix, Eric"]
[Result "0-1"]
[WhiteElo "1493"]
[BlackElo "1771"]
[PlyCount "78"]
[EventDate "2016.02.16"]
[EventType "swiss"]
[EventRounds "5"]
[EventCountry "CAN"]

1. e4 Nf6 2. e5 Nd5 3. d4 d6 4. c4 Nb6 5. Nf3 Bg4 6. exd6 cxd6 7. b3 g6 8. Be2
Bg7 9. Be3 O-O 10. O-O Nc6 11. Nc3 f5 12. Ng5 Bxe2 13. Nxe2 Qd7 14. Nf4 e5 15.
dxe5 Bxe5 16. Rc1 Rae8 17. Nf3 Qg7 18. Nxe5 dxe5 19. Nd5 Nd7 20. Nc7 Re7 21.
Qd5+ Qf7 22. Rfd1 f4 23. Bd2 Nf6 24. Qxf7+ Kxf7 25. Nd5 Rd7 26. Bc3 Rfd8 27.
Kf1 Nxd5 28. cxd5 Rxd5 29. Ke2 Ke6 30. Rd2 Nd4+ 31. Bxd4 Rxd4 32. Rxd4 Rxd4 33.
Rc7 Rd7 34. Rxd7 Kxd7 35. Kd3 Kd6 36. Ke4 Ke6 37. f3 h5 38. h4 b5 39. a3 a5 0-1

[Event "Zukertort"]
[Site "Quebec CAN"]
[Date "2016.03.07"]
[Round "4"]
[White "Lessard, Claude"]
[Black "Cossette, Daniel"]
[Result "0-1"]
[WhiteElo "2057"]
[BlackElo "2036"]
[PlyCount "116"]
[EventDate "2016.02.16"]
[EventType "swiss"]
[EventRounds "5"]
[EventCountry "CAN"]

1. d4 d5 2. e4 dxe4 3. Nc3 f5 4. f3 Nf6 5. Bg5 Nc6 6. Bb5 Bd7 7. Bxf6 exf6 8.
fxe4 Bb4 9. Nge2 fxe4 10. O-O f5 11. Nf4 Qg5 12. d5 Ne5 13. Bxd7+ Kxd7 14. Qd4
Bd6 15. Ne6 Qh6 16. h3 g6 17. Nb5 Qh4 18. Nxd6 cxd6 19. Qa4+ Ke7 20. Qb4 b6 21.
Nd4 Qg5 22. Nc6+ Nxc6 23. dxc6 Qe3+ 24. Kh1 Qc5 25. Qd2 Qxc6 26. Qg5+ Kd7 27.
Rad1 Rhe8 28. Qf6 Re6 29. Qf7+ Re7 30. Qf6 Rae8 31. Rfe1 Re6 32. Qf7+ R8e7 33.
Qf8 e3 34. Rd3 e2 35. a4 Re3 36. Rxe3 Rxe3 37. Qf7+ Re7 38. Qb3 Qc5 39. Qf3 Qe3
40. Qb7+ Ke8 41. Qc6+ Kf7 42. Qxd6 Qf2 43. Qd5+ Kg7 44. Qd2 h6 45. c3 f4 46.
Qd4+ Qxd4 47. cxd4 Kf6 48. Kg1 Kf5 49. Kf2 Re3 50. g3 Rxg3 51. Rxe2 Rxh3 52.
Re5+ Kf6 53. Kg2 Rd3 54. Rd5 Ke7 55. b4 g5 56. a5 bxa5 57. Rxa5 Rxd4 58. Rxa7+
Kf6 0-1

[Event "Zukertort"]
[Site "Quebec CAN"]
[Date "2016.03.07"]
[Round "4"]
[White "Stoyanova, Stela"]
[Black "Beauchesne, Jonathan"]
[Result "1/2-1/2"]
[WhiteElo "1503"]
[BlackElo "1639"]
[PlyCount "99"]
[EventDate "2016.02.16"]
[EventType "swiss"]
[EventRounds "5"]
[EventCountry "CAN"]

1. Nf3 c5 2. c4 Nc6 3. d4 cxd4 4. Nxd4 Nf6 5. Nxc6 bxc6 6. Nc3 g6 7. g3 Bg7 8.
e4 d6 9. Bg2 Bd7 10. O-O O-O 11. h3 Qc8 12. Kh2 Rb8 13. Rb1 h5 14. Be3 Qc7 15.
f4 c5 16. a4 a6 17. f5 Kh7 18. Qd2 Rb4 19. b3 Rfb8 20. Qc2 Qb6 21. e5 dxe5 22.
Nd5 Nxd5 23. fxg6+ fxg6 24. cxd5 Bf5 25. Qxc5 Qxc5 26. Bxc5 Bxb1 27. Bxb4 Bd3
28. Rd1 Be2 29. Rd2 Rxb4 30. Rxe2 Rxb3 31. Bf1 Rb4 32. Ra2 a5 33. Bb5 e4 34.
Kg2 Bb2 35. Kf2 Kg7 36. Ke2 Kf6 37. Kd2 Be5 38. g4 hxg4 39. hxg4 Rb2+ 40. Rxb2
Bxb2 41. Ke3 Ke5 42. Bc6 Bc1+ 43. Ke2 Kd6 44. Kf2 Bf4 45. Ke2 g5 46. Bb7 Kc5
47. d6 exd6 48. Bxe4 Kb4 49. Bc2 Kc3 50. Be4 1/2-1/2

[Event "Zukertort"]
[Site "Quebec CAN"]
[Date "2016.03.14"]
[Round "5"]
[White "Cossette, Daniel"]
[Black "Lapierre, Gaetan"]
[Result "1-0"]
[WhiteElo "2036"]
[BlackElo "1939"]
[PlyCount "65"]
[EventDate "2016.02.16"]
[EventType "swiss"]
[EventRounds "5"]
[EventCountry "CAN"]

1. e4 c6 2. d4 d5 3. exd5 cxd5 4. c4 Nf6 5. Nc3 e6 6. c5 a6 7. Nf3 Be7 8. Bf4
O-O 9. Bd3 Nc6 10. a3 b6 11. b4 bxc5 12. bxc5 Nh5 13. Bd2 f5 14. O-O Nf6 15.
Na4 Ne4 16. Rb1 Bf6 17. Bf4 Nxd4 18. Nxd4 Bxd4 19. Bxe4 fxe4 20. Bd6 Bxf2+ 21.
Rxf2 Rxf2 22. Kxf2 Qf6+ 23. Kg1 Bd7 24. Nb6 Bb5 25. Rxb5 axb5 26. Nxa8 d4 27.
Qf1 Qd8 28. Nc7 e5 29. Ne6 Qe8 30. Qf8+ Qxf8 31. Nxf8 e3 32. Kf1 d3 33. c6 1-0

[Event "Zukertort"]
[Site "Quebec CAN"]
[Date "2016.03.14"]
[Round "5"]
[White "Filion, Rene"]
[Black "Bluteau, Yvon"]
[Result "1-0"]
[WhiteElo "1526"]
[BlackElo "1982"]
[PlyCount "99"]
[EventDate "2016.02.16"]
[EventType "swiss"]
[EventRounds "5"]
[EventCountry "CAN"]

1. e4 d5 2. Nc3 dxe4 3. Nxe4 g6 4. Nf3 Bg7 5. Bc4 e6 6. O-O Nf6 7. Ng3 b6 8. d4
Bb7 9. h3 Qe7 10. Re1 Nbd7 11. c3 O-O-O 12. Qe2 Qd6 13. Ba6 h6 14. Bxb7+ Kxb7
15. a4 g5 16. a5 Nb8 17. axb6 cxb6 18. Ne5 Rhf8 19. Qc2 Rc8 20. Qa4 a6 21. Qb3
Qc7 22. Bd2 Nfd7 23. Nf3 Bf6 24. Ne4 Be7 25. d5 e5 26. d6 Bxd6 27. Qd5+ Qc6 28.
Nxd6+ Kc7 29. Qxc6+ Kxc6 30. Nxc8 Rxc8 31. Nxe5+ Nxe5 32. Rxe5 Nd7 33. Rf5 a5
34. Rxf7 Nc5 35. Be3 Kb5 36. Bxc5 Rxc5 37. g4 Kc4 38. Rf6 Rb5 39. b4 axb4 40.
cxb4 Rxb4 41. Rxh6 b5 42. Rc6+ Kd5 43. Rac1 Rb3 44. R1c3 Rb1+ 45. Kg2 Kd4 46.
R3c5 b4 47. Rxg5 b3 48. Rb5 b2 49. Rcb6 Kc3 50. Rxb2 1-0

[Event "Zukertort"]
[Site "Quebec CAN"]
[Date "2016.03.14"]
[Round "5"]
[White "Tremblay-Alix, Eric"]
[Black "Fecteau, Martin"]
[Result "1-0"]
[WhiteElo "1771"]
[BlackElo "2006"]
[PlyCount "41"]
[EventDate "2016.02.16"]
[EventType "swiss"]
[EventRounds "5"]
[EventCountry "CAN"]

1. Nf3 d5 2. c4 e6 3. g3 Nf6 4. Bg2 c5 5. O-O Nc6 6. cxd5 exd5 7. d4 cxd4 8.
Nxd4 Be7 9. Nc3 O-O 10. Bf4 a6 11. Rc1 Be6 12. Na4 Nxd4 13. Qxd4 Rc8 14. Rxc8
Bxc8 15. Nb6 Be6 16. Rc1 Bd6 17. Bxd6 Qxd6 18. e4 Nd7 19. Nc8 Qb8 20. Ne7+ Kh8
21. exd5 1-0